با لميکی را ما ين (Record no. 169855)

MARC details
000 -LEADER
fixed length control field 00509nam a22001937a 4500
005 - DATE AND TIME OF LATEST TRANSACTION
control field 20191205174019.0
010 ## - LCCN (DPL NO)
LC control number A-353762
020 ## - INTERNATIONAL STANDARD BOOK NUMBER
Terms of availability N.A.
International Standard Book Number -
035 ## - SYSTEM CONTROL NUMBER
System control number A-353762
037 ## - SOURCE OF ACQUISITION
Source of stock number/acquisition BPPD
082 ## - DEWEY DECIMAL CLASSIFICATION NUMBER
Classification number 230.33
100 ## - MAIN ENTRY--PERSONAL NAME
Personal name با لميکی
245 ## - TITLE STATEMENT
Title با لميکی را ما ين
Statement of responsibility, etc با لميکی
246 ## - VARYING FORM OF TITLE
Title proper/short title Balmiki Ramayan
Remainder of title byBalmki
260 ## - PUBLICATION, DISTRIBUTION, ETC. (IMPRINT)
Place of publication, distribution, etc N.A.
Date of publication, distribution, etc N.A. ء
Name of publisher, distributor, etc N.A.
270 ## - ADDRESS
Address N.A.
City -
Telephone number -
Postal code -
300 ## - PHYSICAL DESCRIPTION
Extent 560 ص
Dimensions 22 cm(hb)
942 ## - ADDED ENTRY ELEMENTS (KOHA)
Source of classification or shelving scheme Dewey Decimal Classification
Item type Urdu Bks
Classification part 230.33
Call number suffix ب ا ل
Holdings
Withdrawn status Lost status Not for loan Collection code Home library Current library Date acquired Source of acquisition Cost, normal purchase price Full call number Barcode Copy number Cost, replacement price Koha item type
    Ordered Non-fiction Central Library Central Library 05/12/2019 BPPD/Ven. 0.00 230.33 ب ا ل A-353762 1 0.00 Urdu Bks

© Delhi Public Library
Hit Counter
free hit counter